000 00533nam a2200193Ia 4500
008 210417s9999 xx 000 0 und d
020 _a9781632413857
020 _b163241385X
082 _a612.028 FIS
082 _b22.612.028 FIS
245 0 _aTissue engineering and regenerative medicine
245 0 _cTissue engineering and regenerative medicine
250 _b"vi,240p. :ill. , hbk."
260 _aNew York
260 _bHayle Medical
260 _c2016
700 _a"Fisher, Shay"
700 _bEdited by Shay Fisher
999 _c486954
_d486954